<?xml version="1.0" encoding="UTF-8"?>
<record
    xmlns:xsi="http://www.w3.org/2001/XMLSchema-instance"
    xsi:schemaLocation="http://www.loc.gov/MARC21/slim http://www.loc.gov/standards/marcxml/schema/MARC21slim.xsd"
    xmlns="http://www.loc.gov/MARC21/slim">

  <leader>03835nam a2200277   4500</leader>
  <controlfield tag="003">DO-SdBJH</controlfield>
  <controlfield tag="005">20260703224249.0</controlfield>
  <controlfield tag="008">260703b2025    |||d|||| |||| 00| 0 spa d</controlfield>
  <datafield tag="040" ind1=" " ind2=" ">
    <subfield code="a">DO-SdBJH</subfield>
    <subfield code="b">spa</subfield>
    <subfield code="c">DO-SdBJH</subfield>
  </datafield>
  <datafield tag="041" ind1="0" ind2=" ">
    <subfield code="a">spa</subfield>
  </datafield>
  <datafield tag="090" ind1=" " ind2=" ">
    <subfield code="a">CT CM-0023</subfield>
    <subfield code="b">AMBC 2025</subfield>
  </datafield>
  <datafield tag="100" ind1="1" ind2=" ">
    <subfield code="a">Santana Cruz, Manuel Antonio</subfield>
    <subfield code="e">sustentante</subfield>
  </datafield>
  <datafield tag="245" ind1="1" ind2="0">
    <subfield code="a">Desarrollo de las operaciones integradas de ciberseguridad y ciberdefensa para fortalecer la seguridad fronteriza :</subfield>
    <subfield code="b">debilidades y oportunidades de mejora 2025 /</subfield>
    <subfield code="c">Manuel Antonio Santana Cruz, Franklin Ram&#xF3;n Araujo V&#xE1;squez ; asesor metodol&#xF3;gico David Aguilar ; asesor de contenido Miguel &#xC1;ngel Nadal M&#xE9;ndez.</subfield>
  </datafield>
  <datafield tag="260" ind1=" " ind2=" ">
    <subfield code="a">Santo Domingo, Rep&#xFA;blica Dominicana :</subfield>
    <subfield code="b">UNADE,</subfield>
    <subfield code="c">2025.</subfield>
  </datafield>
  <datafield tag="300" ind1=" " ind2=" ">
    <subfield code="a">vii, 72, [05] p&#xE1;ginas :</subfield>
    <subfield code="b">gr&#xE1;ficas.</subfield>
  </datafield>
  <datafield tag="502" ind1=" " ind2=" ">
    <subfield code="a">Tesis y trabajos de grado (Licenciatura en Ciencias Militares)--Universidad Nacional para la Defensa "General Juan Pablo Duarte y D&#xED;ez", Academia Militar "Batalla de las Carreras", Santo Domingo, 2025.</subfield>
  </datafield>
  <datafield tag="504" ind1=" " ind2=" ">
    <subfield code="a">Incluye referencias bibliogr&#xE1;ficas y anexos.</subfield>
  </datafield>
  <datafield tag="505" ind1=" " ind2=" ">
    <subfield code="a">Evoluci&#xF3;n, marco legal y doctrinal de la integraci&#xF3;n de las Fuerzas Armadas de Rep&#xFA;blica Dominicana en actividades tecnol&#xF3;gicas -- Elementos que componen la integraci&#xF3;n de las Fuerzas Armadas de Rep&#xFA;blica Dominicana que colaboran con el bienestar de la red tecnol&#xF3;gica del pa&#xED;s -- Operaciones que optan para el cuidado de la ciberseguridad y ciberdefensa de la frontera creando as&#xED; un sistema que se encargue de sustentar los sistemas de vigilancia.</subfield>
  </datafield>
  <datafield tag="520" ind1=" " ind2=" ">
    <subfield code="a">Este trabajo de investigaci&#xF3;n aborda la vital necesidad de integrar a las Fuerzas Armadas de la Rep&#xFA;blica Dominicana en las operaciones de ciberseguridad y ciberdefensa para fortalecer la seguridad de la zona fronteriza. La investigaci&#xF3;n se centra en la calidad de que los ataques cibern&#xE9;ticos han evolucionado, dejando de ser un problema exclusivamente t&#xE9;cnico para  convertirse en una amenaza directa a la estabilidad y seguridad nacional. El problema central es la vulnerabilidad de las infraestructuras digitales criticas del pa&#xED;s y la falta de una respuesta coordinada que incluya el poder de defensa del estado. El estudio se llevo a cabo con un enfoque cualitativo y de alcance descriptivo, utilizando m&#xE9;todos de razonamiento inductivo y an&#xE1;lisis de contenido para examinar los fen&#xF3;menos relacionados con la ciberdefensa. La realizaci&#xF3;n de esta investigaci&#xF3;n justifica por la creciente escalada de ciberataques que amenazan los intereses del estado y el bienestar de la sociedad dominicana. El trabajo destaca la urgencia de fortalecer las capacidades de ciberdefensa del pa&#xED;s, as&#xED; como los propios sistemas mon&#xF3;tonos de los estudios, no solo con tecnolog&#xED;a, sino tambi&#xE9;n con la conciencia y preparaci&#xF3;n del factor humano, que es el eslab&#xF3;n mas d&#xE9;bil de la cadena de protecci&#xF3;n. El principal aporte de este estudio es el dise&#xF1;o de una propuesta de integraci&#xF3;n que servir&#xE1; de soporte para el desarrollo de planes conjuntos de las Fuerzas Armadas, la coordinaci&#xF3;n interinstitucional y la sociedad civil. Se espera que los resultados de esta investigaci&#xF3;n fortalezcan la capacidad de respuesta del pa&#xED;s y los sistemas de defensa del pa&#xED;s ante futuras crisis en la zona fronteriza y refuercen los compromisos internacionales de la Rep&#xFA;blica Dominicana en materias de seguridad digital.</subfield>
  </datafield>
  <datafield tag="650" ind1=" " ind2="7">
    <subfield code="2">lemb</subfield>
    <subfield code="a">Ciberseguridad</subfield>
    <subfield code="v">Tesis y disertaciones acad&#xE9;micas</subfield>
    <subfield code="x">Aplicaciones militares</subfield>
    <subfield code="x">Vigilancia fronteriza</subfield>
    <subfield code="z">Rep&#xFA;blica Dominicana</subfield>
  </datafield>
  <datafield tag="650" ind1=" " ind2="7">
    <subfield code="2">lemb</subfield>
    <subfield code="a">Fuerzas armadas</subfield>
    <subfield code="v">Tesis y disertaciones acad&#xE9;micas</subfield>
    <subfield code="x">Ciberdefensa</subfield>
    <subfield code="x">Innovaciones tecnol&#xF3;gicas</subfield>
    <subfield code="z">Rep&#xFA;blica Dominicana</subfield>
  </datafield>
  <datafield tag="700" ind1="1" ind2=" ">
    <subfield code="a">Araujo V&#xE1;squez, Franklin Ram&#xF3;n</subfield>
    <subfield code="e">sustentante</subfield>
  </datafield>
  <datafield tag="700" ind1="1" ind2=" ">
    <subfield code="a">Aguilar, David</subfield>
    <subfield code="e">asesor metodol&#xF3;gico</subfield>
  </datafield>
  <datafield tag="700" ind1="1" ind2=" ">
    <subfield code="a">Nadal M&#xE9;ndez, Miguel &#xC1;ngel</subfield>
    <subfield code="e">asesor de contenido</subfield>
  </datafield>
  <datafield tag="942" ind1=" " ind2=" ">
    <subfield code="2">CL</subfield>
    <subfield code="c">T</subfield>
  </datafield>
  <datafield tag="999" ind1=" " ind2=" ">
    <subfield code="c">8755</subfield>
    <subfield code="d">8755</subfield>
  </datafield>
  <datafield tag="952" ind1=" " ind2=" ">
    <subfield code="0">0</subfield>
    <subfield code="1">0</subfield>
    <subfield code="2">CL</subfield>
    <subfield code="4">0</subfield>
    <subfield code="7">0</subfield>
    <subfield code="8">TG</subfield>
    <subfield code="a">BJHA</subfield>
    <subfield code="b">BJHA</subfield>
    <subfield code="c">GEN</subfield>
    <subfield code="d">2026-07-03</subfield>
    <subfield code="i">25-02611</subfield>
    <subfield code="l">0</subfield>
    <subfield code="o">CT CM-0023 AMBC 2025</subfield>
    <subfield code="p">25-02611</subfield>
    <subfield code="r">2026-07-03 21:29:18</subfield>
    <subfield code="t">e.1</subfield>
    <subfield code="w">2026-07-03</subfield>
    <subfield code="y">T</subfield>
  </datafield>
</record>
